La era de Trujillo, económia y finanza / (Record no. 31014)
[ view plain ]
| 000 -CABECERA | |
|---|---|
| campo de control de longitud fija | 00438nam a2200157 a 4500 |
| 001 - NÚMERO DE CONTROL | |
| campo de control | 000031522 |
| 005 - FECHA Y HORA DE LA ÚLTIMA TRANSACCIÓN | |
| campo de control | 20200930063005.0 |
| 008 - DATOS DE LONGITUD FIJA--INFORMACIÓN GENERAL | |
| campo de control de longitud fija | 110627s195u dr c 000 0 spa d |
| 040 ## - FUENTE DE LA CATALOGACIÓN | |
| Centro catalogador/agencia de origen | DO-SdBNP |
| Lengua de catalogación | spa |
| Centro/agencia transcriptor | BNPHU |
| 082 ## - NÚMERO DE LA CLASIFICACIÓN DECIMAL DEWEY | |
| Número de clasificación | xxx |
| Número de documento/Ítem | V623e |
| 049 ## - FONDOS LOCALES (OCLC) | |
| Fondos de biblioteca | BNPD |
| 100 1# - ENTRADA PRINCIPAL--NOMBRE DE PERSONA | |
| Nombre de persona | Viau, Alfred |
| 9 (RLIN) | 53677 |
| 245 13 - MENCIÓN DE TÍTULO | |
| Título | La era de Trujillo, económia y finanza / |
| Mención de responsabilidad, etc. | Alfred Viau. |
| 260 ## - PUBLICACIÓN, DISTRIBUCIÓN, ETC. | |
| Lugar de publicación, distribución, etc. | [Cuba] : |
| Nombre del editor, distribuidor, etc. | [s.n], |
| Fecha de publicación, distribución, etc. | [195u]? |
| 300 ## - DESCRIPCIÓN FÍSICA | |
| Extensión | 125 p. : ; |
| Dimensiones | retr. ; |
| -- | 23 cm. |
| Estado de retiro | Estado de pérdida | Restricciones de uso | No para préstamo | Código de colección | Localización permanente | Ubicación/localización actual | Ubicación en estantería | Fecha de adquisición | Número de inventario | Total de préstamos | Signatura topográfica completa | Código de barras | Fecha visto por última vez | Precio válido a partir de | Tipo de ítem Koha | Nota pública |
|---|---|---|---|---|---|---|---|---|---|---|---|---|---|---|---|---|
| Excluido de préstamo | Raros y valiosos | Patrimonio Dominicano | Patrimonio Dominicano | En catalogación | 27.06.2011 | LF1 | xxx V623e | 31522-10 | 25.06.2020 | 25.06.2020 | No se presta | Perteneció a la colección Germán Emilio Ornes |
